Návrh opatrení pri implementácii moderných prístupov k riadeniu výrobného procesu : Bakalárska práca

Gespeichert in:
Bibliographische Detailangaben
1. Verfasser: Golis, Martin (Verfasst von)
Weitere Verfasser: Vajcíková, Katarína (xxx)
Format: Buch
Sprache:Slowakisch
Veröffentlicht: Trnava : STU v Bratislave MTF UPMK, 2007
Schlagworte:
Tags: Tag hinzufügen
Keine Tags, Fügen Sie das erste Tag hinzu!

MARC

LEADER 00000nam a22000003a 4500
001 stu146425
005 20160719155707.6
008 071008s2007----xo------------------slo-d
040 |a STU  |b slo 
041 0 |a slo 
044 |a xo 
100 1 |a Golis, Martin  |4 aut 
245 1 |a Návrh opatrení pri implementácii moderných prístupov k riadeniu výrobného procesu :  |b Bakalárska práca 
260 |a Trnava :  |b STU v Bratislave MTF UPMK,  |c 2007 
300 |a 48 s  |c 1 CD-ROM 
500 |a Odbor: priemyselné inžinierstvo a manažment 
650 7 |a just in time  |2 estusub 
650 7 |a TPM  |2 stusub 
650 7 |a kanban  |2 stusub 
700 1 |a Vajcíková, Katarína  |4 xxx 
996 |b 284M066218  |c M*BP-2726  |l MMSKP  |s P  |a 0  |w stu146425_0001